00557nam a2200145Ia 4500008004100000020001800041041000800059082002800067100003800095245004200133260004500175300000900220999001900229952016300248230411s9999 xx 000 0 und d a1-85996-101-0 aeng aMS/616.1/GRE/SIN/B05955 aGregory Y H & Singh Shyam9178810 aKey Topics in Cardiovascular Medicine bBIOS Scientific PublishersaOxfordc1998 a200p c156419d156419 001040708MSaBTINbBTINd2010-01-13eBritish Libraryg100.00l0oMS 616.1 GRE SIN B05955pBTIN-BK-5955r2023-04-11 00:00:00v100.00w2010-01-13yBKzB05955